TEXT BOOK OF MICROBIOLOGY (Record no. 1239)

MARC details
000 -LEADER
fixed length control field 00339nam a2200145Ia 4500
008 - FIXED-LENGTH DATA ELEMENTS--GENERAL INFORMATION
fixed length control field 150201s2010 xx 000 0 und d
082 ## - DEWEY DECIMAL CLASSIFICATION NUMBER
Classification number 616.01
Item number M10B
100 ## - MAIN ENTRY--PERSONAL NAME
Personal name BAVEJA,C.P
245 ## - TITLE STATEMENT
Title TEXT BOOK OF MICROBIOLOGY
250 ## - EDITION STATEMENT
Edition statement 3
260 ## - PUBLICATION, DISTRIBUTION, ETC. (IMPRINT)
Name of publisher, distributor, etc. ARYA
Place of publication, distribution, etc. NEW DELHI
Date of publication, distribution, etc. 2010
300 ## - PHYSICAL DESCRIPTION
Extent 1-628
650 ## - SUBJECT ADDED ENTRY--TOPICAL TERM
Topical term or geographic name as entry element MICROBIOLOGY
942 ## - ADDED ENTRY ELEMENTS (KOHA)
Source of classification or shelving scheme Dewey Decimal Classification
Koha item type Books
Koha issues (borrowed), all copies 32
Holdings
Withdrawn status Lost status Source of classification or shelving scheme Damaged status Not for loan Collection code Home library Current library Shelving location Date acquired Source of acquisition Cost, normal purchase price SGTU Bill Number Total Checkouts Full call number Barcode Date last seen Date last checked out Bill Date Koha item type
    Dewey Decimal Classification     MEDICAL SGT Medical Library SGT Medical Library Text Book 14/10/2011 UBS DELHI 575.00 SGTU 844 56 616.01 M10B FM4711 12/06/2025 02/06/2025 14/10/2011 Books
    Dewey Decimal Classification     MEDICAL SGT Medical Library SGT Medical Library Text Book 14/10/2011 UBS DELHI 575.00 SGTU 844 3 616.01 M10B FM4712 19/03/2026 06/03/2026 14/10/2011 Books
    Dewey Decimal Classification     MEDICAL SGT Medical Library SGT Medical Library Text Book 14/10/2011 UBS DELHI 575.00 SGTU 844 74 616.01 M10B FM4713 19/12/2025 19/12/2025 14/10/2011 Books
    Dewey Decimal Classification     MEDICAL SGT Medical Library SGT Medical Library Text Book 14/10/2011 UBS DELHI 575.00 SGTU 844 35 616.01 M10B FM4714 26/09/2025 26/08/2019 14/10/2011 Books